Online Catalogue and eLibrary

Motherhood by Choice: (Record no. 1426)

MARC details
000 -LEADER
fixed length control field 00541nam a2200193Ia 4500
005 - DATE AND TIME OF LATEST TRANSACTION
control field 20250210033139.0
008 - FIXED-LENGTH DATA ELEMENTS--GENERAL INFORMATION
fixed length control field 240331s9999 xx 000 0 und d
020 ## - INTERNATIONAL STANDARD BOOK NUMBER
ISBN 1558610693
082 ## - DDC Classification
Item Number - Author Mark HUS
DDC Edition Number 4021
Class No. 304.66
100 ## - MAIN ENTRY--PERSONAL NAME
Personal name Huston, P
245 #0 - TITLE STATEMENT
Title Motherhood by Choice:
Remainder of title Pioneers in Women's Health & Family Planning
260 ## - PUBLICATION, DISTRIBUTION, ETC.
Place of publication, distribution, etc. New York
Name of publisher, distributor, etc. The Feminist Press at The City University of New York
Date of publication, distribution, etc. 1992
300 ## - PHYSICAL DESCRIPTION
Extent (e.g. Volumes, Pages etc.) ix, 182 p.,
650 ## - SUBJECT ADDED ENTRY--TOPICAL TERM
Topical term or geographic name entry element Motherhood
650 ## - SUBJECT ADDED ENTRY--TOPICAL TERM
Topical term or geographic name entry element Women
650 ## - SUBJECT ADDED ENTRY--TOPICAL TERM
Topical term or geographic name entry element Women's Health
650 ## - SUBJECT ADDED ENTRY--TOPICAL TERM
Topical term or geographic name entry element Family
942 ## - Koha item type (Biblio)
Koha item type Books in Stacks (Lending)
Holdings
Lost status Damaged status Collection code Home library Current library Shelving location Date acquired Full call number Accession Number Item type
    Lending WERC Library WERC Library Social Science Cupboard 03/31/2024 304.66 HUS 4021 Books in Stacks (Lending)

© WERC Library